<?xml version="1.0" encoding="UTF-8"?>
<marc:record xmlns:marc="http://www.loc.gov/MARC21/slim">
   <marc:leader>00000nam a2200000 a 4500</marc:leader>
   <marc:datafield ind1="1" ind2=" " tag="100">
      <marc:subfield code="a">Pistor, Elke</marc:subfield>
      <marc:subfield code="4">aut</marc:subfield>
      <marc:subfield code="e">Verfasser/-in</marc:subfield>
   </marc:datafield>
   <marc:datafield ind1="0" ind2="0" tag="245">
      <marc:subfield code="a">111 Katzen, die man kennen muss</marc:subfield>
   </marc:datafield>
   <marc:datafield ind1=" " ind2="1" tag="264">
      <marc:subfield code="b">Emos</marc:subfield>
      <marc:subfield code="c">2016</marc:subfield>
   </marc:datafield>
   <marc:datafield ind1="1" ind2=" " tag="520">
      <marc:subfield code="a">111 Geschichten um herausragende Katzenpersönlichkeiten, die Sie unbedingt kennen sollten. Sie werden staunen, lächeln und vielleicht schmunzelnd den Kopf schütteln. Ganz genau so, wie Sie es vom Umgang mit den samtpfotigen Hauptdarstellern gewohnt sind.
Rezension</marc:subfield>
   </marc:datafield>
   <marc:datafield ind1=" " ind2=" " tag="020">
      <marc:subfield code="a">9783954518302</marc:subfield>
      <marc:subfield code="9">9783954518302</marc:subfield>
   </marc:datafield>
</marc:record>
